[Event "Tehran Universities-ch"]
[Site "Tehran"]
[Date "2020.11.30"]
[Round "3"]
[White "Sajadi Naeini, Seyed Soheil"]
[Black "Talebi, Masoud"]
[Result "0-1"]
[WhiteElo "1673"]
[BlackElo "2093"]
[PlyCount "58"]
[EventDate "2020.11.30"]
[EventType "swiss (rapid)"]
[EventRounds "7"]
[EventCountry "IRI"]
[SourceTitle "CBM 199 Extra"]
[Source "ChessBase"]
[SourceDate "2021.01.31"]
[SourceVersion "1"]
[SourceVersionDate "2021.01.31"]
[SourceQuality "1"]

1. e4 c5 2. Nc3 e6 3. g3 d5 4. exd5 exd5 5. d4 cxd4 6. Qxd4 Nf6 7. Bg5 Nc6 8. Qe3+ Be6 9. 0-0-0 d4 10. Qf4 Bd6 11. Qh4 dxc3 12. Bd3 Qb6 13. b3 0-0-0 14. Ne2 Qa5 15. Kb1 Nb4 16. a4 Be5 17. f4 Bc7 18. f5 Bxb3 19. Nxc3 Nxd3 20. Nb5 Bxa4 21. Rxd3 Qxb5+ 22. Kc1 Rxd3 23. cxd3 Qb3 24. Kd2 Qc2+ 25. Ke3 Re8+ 26. Kf3 Bc6+ 27. Qe4 Qxd3+ 28. Kg2 Qxe4+ 29. Kh3 Qg4# 0-1

[Event "Tehran Universities-ch"]
[Site "Tehran"]
[Date "2020.11.30"]
[Round "2"]
[White "Talebi, Masoud"]
[Black "Karampour, Amir"]
[Result "1-0"]
[WhiteElo "2093"]
[BlackElo "1646"]
[PlyCount "57"]
[EventDate "2020.11.30"]
[EventType "swiss (rapid)"]
[EventRounds "7"]
[EventCountry "IRI"]
[SourceTitle "CBM 199 Extra"]
[Source "ChessBase"]
[SourceDate "2021.01.31"]
[SourceVersion "1"]
[SourceVersionDate "2021.01.31"]
[SourceQuality "1"]

1. Nf3 Nf6 2. c4 e6 3. d4 d5 4. Nc3 Nbd7 5. Bg5 Be7 6. e3 0-0 7. Rc1 c6 8. Bd3 dxc4 9. Bxc4 b5 10. Bd3 a6 11. 0-0 c5 12. Qe2 Bb7 13. Rfd1 Rc8 14. dxc5 Bxc5 15. Ne4 Be7 16. Nxf6+ Bxf6 17. Bf4 Qe7 18. Bd6 Qe8 19. Bxf8 Nxf8 20. e4 Nd7 21. b4 Ne5 22. Nxe5 Bxe5 23. g3 g6 24. Bb1 Qe7 25. Qd2 Rc7 26. Qd8+ Qxd8 27. Rxd8+ Kg7 28. Rxc7 Bxc7 29. Rd7 1-0

[Event "Arak op 15th"]
[Site "Arak"]
[Date "2016.08.16"]
[Round "8"]
[White "Talebi, Masoud"]
[Black "Molaei, Mohammadamin"]
[Result "0-1"]
[WhiteElo "1911"]
[BlackElo "2127"]
[PlyCount "80"]
[EventDate "2016.08.11"]
[EventType "swiss"]
[EventRounds "11"]
[EventCountry "IRI"]
[SourceTitle "CBM 173 Extra"]
[Source "ChessBase"]
[SourceDate "2016.08.29"]
[SourceVersion "1"]
[SourceVersionDate "2016.08.29"]
[SourceQuality "1"]

1. e4 c5 2. Nf3 g6 3. d4 cxd4 4. Nxd4 Nc6 5. c4 Bg7 6. Be3 Qb6 7. Nb5 Qa5+ 8. Bd2 Qd8 9. Bc3 Bxc3+ 10. N1xc3 Nf6 11. Be2 0-0 12. c5 Qa5 13. a3 Nxe4 14. b4 Nxc3 15. Nxc3 Qc7 16. 0-0 Qe5 17. Nd5 d6 18. f4 Qd4+ 19. Qxd4 Nxd4 20. Nxe7+ Kg7 21. Bd3 dxc5 22. bxc5 Re8 23. f5 f6 24. Nd5 Rd8 25. Nc7 Rb8 26. fxg6 hxg6 27. Rae1 f5 28. Bc4 b6 29. Re7+ Kh6 30. cxb6 Rxb6 31. Rfe1 Bb7 32. Bf1 Be4 33. a4 Rb7 34. Ba6 Rb2 35. Bf1 Nc2 36. Rc1 Ne3 37. Ne6 Rdd2 38. Nc5 Rxg2+ 39. Bxg2 Rxg2+ 40. Kh1 Rc2+ 0-1

[Event "Arak op 15th"]
[Site "Arak"]
[Date "2016.08.13"]
[Round "4"]
[White "Talebi, Masoud"]
[Black "Amini, Amer"]
[Result "1/2-1/2"]
[WhiteElo "1911"]
[BlackElo "2159"]
[PlyCount "39"]
[EventDate "2016.08.11"]
[EventType "swiss"]
[EventRounds "11"]
[EventCountry "IRI"]
[SourceTitle "CBM 173 Extra"]
[Source "ChessBase"]
[SourceDate "2016.08.29"]
[SourceVersion "1"]
[SourceVersionDate "2016.08.29"]
[SourceQuality "1"]

1. e4 c6 2. d4 d5 3. Nd2 dxe4 4. Nxe4 Nf6 5. Nxf6+ exf6 6. c3 Qd5 7. Nf3 Bd6 8. Be2 0-0 9. 0-0 Re8 10. Be3 Be6 11. Nd2 Nd7 12. Bf3 Qb5 13. Ne4 Bc7 14. a4 Qf5 15. Nd2 Rad8 16. Be4 Qg4 17. Bf3 Qg6 18. Bh5 Qf5 19. h3 Nb6 20. Bg4 1/2-1/2